000 00581nam a2200193Ia 4500
003 IIN
005 20240208165657.0
008 231217s9999 xx 000 0 und d
020 _cRs.625.00
_a9788195602018
040 _aIIN
_bEnglish
082 _a610.73
_bTNA
110 1 _aThe Trained Nursing Association of India
245 1 _aFoundamentals of Nursing:
_ba Procedure Manual /
_cThe Trained Nursing Association of India
260 _bTNAI
_aNew Delhi
_c2005
300 _avii, 698p.
650 _aFoundation
_vNursing
650 _aFoundamentals
_vNursing
942 _cBOOK
999 _c1105
_d1105